Quizzes
Events
Quiz Creation
Community
Videos
Private Events
Remove Ads
Sign In
Join for FREE
Feedback
Dark Mode
Quiz Categories
Sports
Geography
Music
Movies
Television
Just For Fun
Miscellaneous
History
Literature
Language
Science
Gaming
Entertainment
Religion
Holiday
For Kids
Quiz Lab
Recent
Popular Today
Quiz Kudos Today
Editor Picks
Curator Picks
Quizzes by...
Day
Popularity
Type
Ratings
Length
Year
Community
Subscriptions
Recent Discussions
Orange Saloon
Badges
Playlists
Quests
Create
Leaderboards
Showdown
Live 5
Trivia Bingo
Activity
Puzzle Library
Sporcle Events
Private Events
Virtual Trivia
Globe League
Become a Host
Pub Owners
SporcleCon
Opinionation
Our Games
Videos
Blog
Mobile Apps
Partnerships
Remove Ads and Go Orange
Feedback
Gaming
Video Games
Board Games
Card Games
Pokémon
Mario
Nintendo
Minecraft
Console
Toys
Legend of Zelda
Gaming
Video Games
Board Games
Card Games
Pokémon
Mario
Nintendo
Minecraft
Console
Toys
Legend of Zelda
Random Quiz
Search Sporcle
×
Quiz Lab
Quiz Lab
Gaming
Evie
Type in answers that appear in a list
Type in answers that appear in a list
Classic
Best Score? Go Orange.
Vindictus Staff Evie Weapons Stats
Can you name the Vindictus Staff Evie Weapons?
By
ChaosGeneral
5m
48 Questions
13 Plays
13 Plays
13 Plays
Comments
Comments
Give Quiz Kudos
Give Quiz Kudos
-
- Ratings
hide this ad
Replay
Link that replays current quiz
Next Quiz
Link to next quiz in quiz playlist
You Got
0%
They Got
Avg Score
37%
Avg Friend Score
Upgrade to see
Score Distribution
Jump to the score distribution portion of the page
Score
0/48
Timer
05:00
0
Plays Today
Staffs
% Correct
Level 60
Raider's Staff
92.3%
Level 60
Dreamwalker Staff
84.6%
Level 70
Seal Maker
76.9%
Level 70
Joyous Crook
76.9%
Level 80
Crown Staff
76.9%
Level 60
Fobellow Tin Staff
69.2%
Level 50
Ivory Staff
61.5%
Level 57
Taonu Staff
61.5%
Level 1
Toy staff
53.8%
Level 12
Strawberry Staff
53.8%
Level 60
Teten Staff
53.8%
Level 60
Ingkara Staff
53.8%
Level 60
Rakum Rakish
53.8%
Level 70
Royal Bird Staff
53.8%
Level 2
Wooden Staff
46.2%
Level 50
Kielu Staff
46.2%
Level 14
Red Bearer Staff
38.5%
Level 16
Emuloch Staff
38.5%
Level 16
Staff of Life
38.5%
Level 25
Forest Invader Staff
38.5%
Level 30
Watchtower
38.5%
Level 39
Watchtower: The Witch
38.5%
Level 55
Moon Eater
38.5%
Level 59
Firework Launcher
38.5%
Staffs
% Correct
Level 4
Crimson Blade Staff
30.8%
Level 10
Howling Staff
30.8%
Level 33
Argontel Staff
30.8%
Level 5
Slingshot Staff
23.1%
Level 9
Echeloch Staff
23.1%
Level 22
Crystal Staff
23.1%
Level 24
Odd Eye
23.1%
Level 28
Blood Prince Staff
23.1%
Level 37
Blooming Staff
23.1%
Level 38
Marshmallow Staff
23.1%
Level 40
Quisia Staff
23.1%
Level 41
Emaighsoch Staff
23.1%
Level 1
Short Staff
15.4%
Level 7
Ebeloch Staff
15.4%
Level 8
New Friendship Staff
15.4%
Level 8
Aodhan's Staff
15.4%
Level 10
Jagged Tooth Staff
15.4%
Level 10
Battle Mage Staff
15.4%
Level 10
Quiremigal Staff
15.4%
Level 10
Beginner Alchemist Staff
15.4%
Level 20
Rune Staff
15.4%
Level 31
Crest of Twilight
15.4%
Level 35
Fine Steel Staff
15.4%
Level 4
Foul Snowpaw Staff
7.7%
Quiz Playlist
Details
Report
Send in Message
Add To Playlist
Classic:
Type in answers that appear in a list
Last Updated: Feb 16, 2017
Quiz Scoreboard
CHALLENGE
Sign Up to Join the Scoreboard
Show All
Scores
Hide
Comments
May contain spoilers
Recently Published
Presidents Visiting Landmarks
by Hejman
History
7m
An Introduction to Baseball
by treessimontrees
Sports
5m
Movies - When Are They Set?
by FPL_Elf
Movies
5m
More to Explore
Quiz From the Vault
Featured Blog Post
Where Did the Easter Bunny Come From?
hide this ad
You Might Also Like...
Tags
Evie
staff
Weapons
Today's Top Quizzes in Gaming
Browse Gaming
hide this ad
Top Contributed Quizzes in Gaming
1
5-to-1: Consoles
2
5-to-1: Legend of Zelda
3
7-to-1: Board Game Piece Blitz
4
Destiny 2 exotic weapons by perk icons
5
Ultimate Genshin Impact Logic Puzzle (up to 4.3)
6
Franchise by Action Figure
7
Genshin Impact Logic Puzzle Quiz
8
Who's on the WWE 2K24 Cover?
9
Overwatch Logic Puzzle
10
League of Legends Pro Players by Career/Team History
Explore More
Trending Topics
Harry Potter
Marvel
Anime
Kpop
Crossword
NBA
Disney
NFL
WWE
Soccer
Country
Song
Pokémon
Puzzle
The Office
hide this ad
More By:
ChaosGeneral
Quiz
Plays
Rating
Category
Featured
Created
Vindictus Raid Bosses and 1V1 bosses
142
3.00
Gaming
Feb 3, 2013
Vindictus Scythe Evie Weapons
19
Gaming
Feb 3, 2013
Vindictus Piller Karok Weapons
15
Gaming
Feb 3, 2013
Vindictus Lann swords
14
Gaming
Feb 3, 2013
Vindictus Staff Evie Weapons
13
Gaming
Feb 3, 2013
Go to Creator's Profile
Score Distribution
Quiz Creator Spotlight
ChaosGeneral
Follow
Send a Message
Quizzes Created
-
Created Quiz Play Count
-
More By This Creator
Popular Quizzes Today
1
Find the US States - No Outlines Minefield
2
Find the Countries of Europe - No Outlines Minefield
3
The Countries of the World
4
Find the US States
5
Popular People in 1961
6
US States
7
Risky Map Clicking: Biggest States A-Z
8
Movies - When Are They Set?
More Gaming Quizzes
Video games by lootboxes
Curator's Pick
Trending Quizzes
Risky Map Clicking: Least Populous States A-Z
1-10 Letter G Words
1-10 Letter F Words
Risky Map Clicking: Next State Alphabetically
Risky Map Clicking: Biggest States A-Z
Recently Updated
Leaping Animals
pecheneg
Reality TV Shows (A-Z)
bhenderson79
Rickey Henderson's Hall of Fame Teammates
pecheneg
Champions League XIs: Arsenal
pecheneg
Quick Pick: Celebrities in WWE's Hall of Fame
aduchscher
A-Z Keypad Blitz II
pecheneg
Multiple Oscar Actors
pecheneg
Mystery Phrase Blitz: Oscar 'Best Actors'
pecheneg
F. Scott Fitzgerald Novels
LTH
Pick 3 Villains
ddd62291
Trending Topics
NBA
Marvel
Disney
Kpop
Crossword
Harry Potter
Anime
Pokémon
Puzzle
Soccer
Country
NFL
The Office
Song
WWE
Your Account Isn't Verified!
In order to create a playlist on Sporcle, you need to verify the email address you used during registration. Go to your
Sporcle Settings
to finish the process.
Report this User
Report this user for behavior that violates our
Community Guidelines
.
Details:
Send Report
Go to the Sporcle.com Mobile Site →
Comments